[Event "St Petersburg-ch"]
[Site "St Petersburg"]
[Date "1997.03.12"]
[Round "7"]
[White "Sakaev, Konstantin"]
[Black "Popov, Valerij"]
[Result "1-0"]
[WhiteElo "2580"]
[BlackElo "2430"]
[Annotator "Ribli,Z"]
[PlyCount "80"]
[EventDate "1997.03.04"]
[EventType "swiss"]
[EventRounds "9"]
[EventCountry "RUS"]
[SourceTitle "CBM 058"]
[Source "ChessBase"]
[SourceDate "1997.06.01"]
[SourceVersion "1"]
[SourceVersionDate "1997.06.01"]
[SourceQuality "1"]

1. d4 g6 2. c4 Bg7 3. Nc3 d6 4. Nf3 Bg4 5. e3 {Hier ist diese Entwicklung
erzwungen, denn nach 5.e4? hat Schwarz starken Druck gegen d4.Ribli.} e5 6. Be2
(6. dxe5 dxe5 7. Qxd8+ Kxd8 8. Ng5 $5 {ist auch moeglich, aber die
Partiefortsetzung fuehrt zu gehaltvollerem Kampf.Ribli.}) 6... Ne7 $146 (6...
exd4 7. exd4 Nc6 8. O-O Nge7 9. d5 Bxf3 10. Bxf3 Ne5 11. Ne4 {Stangl,M-Serrer/
BL9293/}) 7. d5 {Nach diesem Zug haben wir eine Stellung, die typisch für die
Koenigsindische Verteidigung ist, aber der Springer e7 hat nicht so rosige
Perspektiven.Ribli.} O-O (7... f5 $2 8. Ng5 $16 {[%csl Re6] Und Schwarz hat
eine unhaltbare Felderschwäche auf e6.Ribli.}) 8. e4 {Rochade wäre auch
moeglich, aber Weiss hofft mit späterem h4 einen positionellen Angriff zu
führen, so wie in der Partie auch noch geschehen wird.Ribli.} h6 $6 {Schwarz
bereitet f7-f5 vor, aber nach meiner Meinung waere es besser die Entwicklung
mit 8...Nd7 zu beenden.Ribli.} 9. h3 Bxf3 10. Bxf3 $14 {Weiss hat das
Laeuferpaar und Raumvorteil im Zentrum und ohne den weißfeldrigen B ist der in
Königsindisch übliche Vorstoß f7-f5 nicht so wirksam.Ribli.} Nd7 (10... f5 {
Mit diesem scheinbar aktiven Zug schwächt Schwarz seine Felder am
Koenigsfluegel.Ribli.} 11. h4 $36 {[%csl Rf5,Rg6][%cal Rh4h5]}) 11. h4 a6 (
11... h5 12. g4 hxg4 13. Bxg4 {[%csl Rg6][%cal Yh4h5] Mit spaeterem h4-h5 hat
Weiss Angriffsmoeglichkeiten.Ribli.}) 12. h5 $1 g5 13. Bg4 {[%csl Rf5] Weiss
steht stark auf den weißen Feldern, aber vielleicht ist es trotzdem
interessant 13...f5 zu spielen. Nach 14.exf5 Nxf5 bekommt Schwarz ein wenig
Freiheit - trotz offentsichlicher Schwächen.Ribli.} Nf6 14. Be2 {In
geschlossenen Stellungen ist der Faktor Zeit nicht wichtig. Und außerdem steht
der schwarze Springer auf f6 nicht besonders gut.Ribli.} c6 15. Bd3 b5 16. b3
Rc8 {Schwarz hat etwas Aktivität am Damenfluegel, aber keine konkreten
Drohungen.Ribli.} 17. Bd2 Qb6 18. Rc1 Rc7 $2 {Ein entscheidender Fehler in
einer etwas schlechteren, aber haltbaren Stellung.Ribli.} (18... Nd7 $142) (
18... Qb7) {[#]} 19. c5 $1 Qxc5 (19... dxc5 20. d6 $18) 20. Nxb5 Qxc1 $8 (20...
Qb6 21. Nxc7 Qxc7 22. dxc6 {Schwarz hat zwar nur eine Qualität weniger, aber
eine hoffnungslose Stellung.Ribli.}) 21. Qxc1 axb5 {Nach seiner
Schachblindheit im 18.Zug spielt Schwarz die einzige moegliche Fortsetzung,
aber Weiss kann seinen Materialsvorteil mit gutem Spiel verwerten.Ribli.} 22.
dxc6 Nxc6 (22... Rxc6 23. Qa3) 23. Bxb5 {[%csl Rc6]} Nxe4 24. Ba5 $1 {In der
ganzen Partie hat Schwarz Probleme in der c-Linie.Ribli.} Rcc8 25. Bxc6 Nc5 26.
O-O Rxc6 27. b4 Ra6 28. Qc4 (28. bxc5 Rxa5 29. cxd6 Rxa2 {ebenfalls mit großem
weißen Vorteil, die Partiefortsetzung ist aber noch staerker.Ribli.}) 28...
Rfa8 29. Qb5 Ne6 30. Rc1 Nd4 (30... Kh7 31. Qd3+ (31. Rc8) 31... Kg8 32. Rc8+
Rxc8 33. Qxa6 $18) 31. Rc8+ Rxc8 32. Qxa6 Rc1+ 33. Kh2 Rc2 34. b5 $18 {[%cal
Yb5b8] Der weisse Freibauer entscheidet den Kampf. Die schwarze Aktivitaet
kommt zu spät und ist nicht gefährlich.Ribli.} Kh7 35. Bb6 Rxf2 36. Bxd4 exd4
37. b6 Be5+ 38. Kg1 Rd2 39. b7 d5 40. Qf1 Kg7 {Und Schwarz gab gleichzeitig
auf, da 41.Qe1 Bf4 42.Qxd2 leicht gewinnt. Ribli.} 1-0

[Event "FRA-ch"]
[Site "Aix les Bains"]
[Date "2003.08.25"]
[Round "8"]
[White "Chabanon, Jean Luc"]
[Black "Degraeve, Jean Marc"]
[Result "0-1"]
[WhiteElo "2498"]
[BlackElo "2541"]
[Annotator "Ribli,Z"]
[PlyCount "80"]
[EventDate "2003.08.18"]
[EventType "tourn"]
[EventRounds "11"]
[EventCountry "FRA"]
[EventCategory "13"]
[SourceTitle "CBM 097"]
[Source "ChessBase"]
[SourceDate "2003.11.11"]
[SourceVersion "1"]
[SourceVersionDate "2003.11.11"]
[SourceQuality "1"]

1. d4 d6 2. Nf3 g6 3. c4 Bg7 4. Nc3 (4. e4 Bg4 5. Be2 Nc6 6. Be3 e5 $13 {
Das wäre eine andere Variante, wobei Schwarz positionellen Druck gegen d4
erhält.}) 4... c5 5. dxc5 (5. e4 $5 {Dieser Zug bietet Weiß mehr Hoffnungen
auf Eröffnungsvorteil als die Partiefortsetzung. Nach 5...cxd4 kommt 6.Nxd4
Nc6 7.Be3 mit Übergang zur Maroczy-Variante der Sizilianischen Eröffnung, nach
5...Qa5 6.Rb1 ist interessant, oder 6.d5 mit Bauernopfer.} Qa5 6. d5 $5 Bxc3+
7. bxc3 Nf6 8. Qc2 Nxe4 9. Bd3 Nf6 10. O-O O-O 11. Bg5 Nbd7 12. Rfe1 Re8 13.
Re3 $36) (5. d5) 5... Bxc3+ {Schwarz gibt das Läuferpaar auf und zerstört die
weiße Bauernstellung am Damenflügel.} 6. bxc3 dxc5 7. Qxd8+ Kxd8 8. Ne5 (8. g3
Nf6 $6 (8... Nc6 $5 9. Bg2 Nf6 10. Be3 Nd7 11. O-O (11. O-O-O Ke8 $5 (11... Kc7
12. Bf4+ e5 13. Bh6 {[%cal Gf3g5,Gg5e4]})) 11... f6 12. Rfd1 Kc7 $13) 9. Bg2 $6
(9. Ne5 $1 Ke8 10. Bg2 $36) 9... Ne4 $1 10. Ne5 Nd6 11. Be3 Na6 12. Bd5 f6 13.
Nd3 e6 14. Bg2 Nxc4 15. Bxc5 Nxc5 16. Nxc5 Rb8 {1/2-1/2 Shengelia,D-Markowski,
T/Batumi 2002/CBM 90 (36)}) (8. Ng5) 8... Be6 9. g3 Nd7 10. Nxd7 Kxd7 11. Bg2
Bxc4 {Dieser Zug war mein Vorschlag vor 3 Jahren.} (11... Nf6 $5 12. Rb1 $6 (
12. Bxb7 $5 Rab8 13. Ba6 Ne4 $44) 12... b6 $1 13. Bxa8 Rxa8 $44 {0-1 Bacrot,
E-Topalov,V/Sarajevo 2000/CBM 77/[Ribli] (33)}) 12. Be3 (12. Rb1 Ba6 (12... Nf6
$5 13. Rxb7+ Kd6 14. e4 e5 15. Bg5 Nd7) 13. Be3 (13. Bxb7 Bxb7 14. Rxb7+ Kc6
$11) 13... Rc8 14. Bxb7 Bxb7 15. Rxb7+ Rc7 16. Rb8 {1-0 Ulibin,M-Belkhodja,S/
Dubai 2002/CBM 87 ext (29)}) 12... Nf6 13. O-O-O+ (13. Bxc5 Bd5 14. O-O-O Kc6
15. Bxe7 (15. Bxd5+ Nxd5 16. Bd4 Rhd8 $15) 15... Bxg2 16. Bxf6 Bxh1 17. Bxh8
Bd5 $11) 13... Kc7 14. Bxc5 Rhe8 $11 {Weiß hat das Läuferpaar, aber die
schwarze Bauernstruktur ist gesünder, so dass die Chancen ungefähr gleich sind.
} 15. Rd2 {Weiß verteidigt den a2- und den e2-Bauern und möchte auf der
d-Linie verdoppeln.} Rac8 {[%cal Gc7b8] Schwarz möchte endlich seinen König
auf b8 in Sicherheit bringen.} (15... a6 16. Rhd1 Rac8 17. f4 Kb8 18. Bb6 $14)
16. Bxa7 Ra8 (16... b6 $6 17. Rb2 Nd7 18. Rd1 $16) 17. Bd4 e5 (17... Rxa2 18.
Be5+ Kb6 19. Rxa2 Bxa2 20. Rd1 $36) 18. Bc5 Rxa2 19. Bd6+ (19. Rxa2 Bxa2 20.
Rd1 e4 $11) 19... Kc8 (19... Kb6 20. Rxa2 Bxa2 21. Rd1 Bc4 $11) 20. Bh3+ Nd7 (
20... Be6 $4 21. Rxa2 $18) 21. Rxa2 {Weiß hat zwar eine aktive Stellung, aber
nichts Konkretes, während die schwarze Stellung fest ist.} Bxa2 22. Rd1 Bb3 (
22... Be6 $11) 23. Rd2 Be6 {[%mdl 256]} 24. Bg2 {Naturlich behält Weiß das
Läuferpaar auf dem Brett.} Nb6 {[%cal Gb6c4]} 25. Bb4 (25. Bxe5 $2 Nc4 {
[%cal Rc4e5,Rc4d2]} 26. Bf6 Nxd2 27. Kxd2 $17) 25... Nc4 26. Ra2 Kc7 (26... Kb8
$11) 27. Ra7 Rb8 28. Bc5 Nb6 (28... f5 {[%cal Ge5e4]} 29. e4 Kc6 30. exf5+ Bd5
31. Bxd5+ Kxd5 32. fxg6 hxg6 33. Bb4 Ke4 $44) 29. f4 Bd5 (29... f6 $11) 30. e4
$6 {[%mdl 16384] Dieser Zug gefällt mir nicht, weil Weiß den Bg2 einschließt.}
(30. Bxd5 $5 Nxd5 31. fxe5 Kc6 $44 (31... Re8 32. Bd4 Ne7 {[%cal Ge7c6,Gc6e5]}
33. Ra5 Nc6 34. Rd5 Ra8 $44)) 30... Bc6 31. fxe5 Nc4 32. Ra2 Re8 (32... Nxe5
33. Rd2 Re8 $11 (33... Rd8 $4 34. Bb6+ $16)) 33. Rf2 Nxe5 $15 {[%csl Re4,Ge5,
Rg2][%cal Ge5d3,Gd3c5,Gd3f2,Gd3c1] Der e5N steht ausgezeichnet und der e4P
bildet eine positionelle Schwäche in der weißen Stellung.} 34. Kb1 $6 (34. Kc2
Ra8 $15) 34... f5 $1 $17 35. exf5 $2 (35. Bf1 Bxe4+ 36. Kb2 Bd3 $17) 35... Nd3
{[%cal Rd3f2,Rd3c5]} 36. Bxc6 (36. fxg6 Nxf2 37. Bxc6 Kxc6 38. Bxf2 hxg6 $19)
36... Kxc6 37. fxg6 (37. Ba3 $8 Nxf2 (37... Re1+ 38. Kc2 Nxf2 39. f6 Rf1 40. f7
Ng4 41. f8=Q Rxf8 42. Bxf8 Nxh2 $17) 38. f6 {[%cal Rf6f7,Rf7f8,Rf7e8]} Ne4 39.
f7 Ra8 40. f8=Q Rxf8 41. Bxf8 Nxc3+ $17) 37... hxg6 $19 38. Bd4 (38. Rf6+ Kxc5
39. Rxg6 Kc4 $19) 38... Re1+ 39. Kc2 Nxf2 40. Kd2 (40. Bxf2 Re2+ $19) 40...
Rd1+ 0-1

[Event "Reggio Emilia 0001 43th"]
[Site "Reggio Emilia"]
[Date "2001.01.04"]
[Round "6"]
[White "Romanishin, Oleg M"]
[Black "Vezzosi, Paolo"]
[Result "1-0"]
[WhiteElo "2591"]
[BlackElo "2421"]
[Annotator "Ribli,Z"]
[PlyCount "57"]
[EventDate "2000.12.30"]
[EventType "tourn"]
[EventRounds "9"]
[EventCountry "ITA"]
[EventCategory "8"]
[SourceTitle "CBM 081"]
[Source "ChessBase"]
[SourceDate "2001.03.20"]
[SourceVersion "1"]
[SourceVersionDate "2001.03.20"]
[SourceQuality "1"]

1. Nf3 d6 2. d4 Bg4 {Dieser Zug ist in jüngster Zeit relativ popoluär, ich
meine jedoch, dass Weiß in praktisch allen Varianten Eröffnungsvorteil bekommt.
Der Hauptvorteil des Zuges besteht darin, dass Schwarz die theoretischen
Hauptvarianten verlässt.} 3. Nbd2 {Mit diesem bescheidenem Zug möchte Weiß den
Zug 2...Bg4 nicht direkt widerlegen. Er strebt lediglich die harmonische
Entwicklung seiner Figuren an.} (3. c4) (3. e4) 3... c6 (3... Nf6 4. h3 Bh5 5.
g4 Bg6 6. Nh4 Be4 7. Nxe4 Nxe4 8. Bg2 d5 $11) 4. h3 Bh5 5. g3 {Der ukrainische
GM spielt prinzipiell gerne Systeme mit g3-Bg2.} (5. g4 Bg6 6. Nh4 e5 7. Nxg6
hxg6 $13) 5... Nd7 6. Bg2 Ngf6 (6... e5) 7. O-O d5 {Prinzipiell wäre dieser
Zug nicht schlecht - Schwarz hat eine starke Bauernmasse b7-c6-d5, und das ist
besonders gut gegen den Bg2 - aber es ist andererseits eben doch ein
Tempoverlust.} (7... e6 8. e4 Be7 9. c4 Bxf3 10. Qxf3 e5 11. d5 a5 12. b3 Nc5
13. Bb2 O-O 14. Qe3 {1-0 Khurtsidze,N-Gaponenko,I/Svitavy 1993/EXT 97 (62)}) 8.
Re1 {Das ist eine für solche Stellungen typische Strategie - Weiß möchte e2-e4
spielen und damit u.a. den Bg2 aktivieren.} e6 (8... Ne4 $2 9. Nxe4 dxe4 10.
Ng5 $16) 9. e4 dxe4 10. Nxe4 {Weiß hat einen kleinen Zentrumsvorteil, seine
Figuren sind aktiv. Aber in der schwarzen Stellung gibt es keine Schwächen,
seine Bauernstruktur ist massiv.} Be7 11. c3 O-O 12. Nxf6+ Bxf6 (12... Nxf6 13.
Qb3 $14 (13. g4 Bg6 14. Nh4 Nd7 15. Nxg6 hxg6 $11 {Weiß hat das Läuferpaar,
aber seine Bauernstruktur am Königsflügel ist geschwächt.})) 13. Qb3 $14 (13.
Bf4 $14) 13... Qb6 14. Be3 Bg6 {Schwarz tauscht den gegnerischen Springer
nicht ab. Der Bg6 steht aber nur scheinbar aktiv, während der Nf3 über viele
Manövermöglichkeiten verfügt.} (14... Qxb3 15. axb3 Rfe8 (15... Bxf3 16. Bxf3
Rfe8 $14) 16. Nd2 $14) (14... Bxf3 15. Bxf3 Rfe8 $14) 15. Nd2 {[%cal Gd2c4]}
Qc7 $2 {[%mdl 16384]} (15... Qxb3 16. axb3 $14 {Weiß hat eine starke
Bauernmasse und eine aktive Figurenstellung, aber die Realisierung dieses
positionellen Vorteils ist sehr schwer.}) 16. Bf4 Qb6 {So viele Tempi
verschenkt man nicht ungestraft. (1...d6, 7...d5 und 13...Qb6, 15...Qc7, 16...
Qb6)} (16... e5 $2 17. dxe5 Bxe5 18. Rxe5 Nxe5 19. Nc4 $18) 17. Nc4 Qa6 (17...
Qxb3 {Der Damentausch ist hier schon weniger gut als zuvor.} 18. axb3 {[%cal
Gc4a5]} a6 19. Na5 Ra7 $14) 18. a4 {[%csl Ra6] Die schwarze Dame steht sehr
unglücklich auf a6. Die Drohung von Weiß ist 19.Bf1.} (18. Bf1 b5 19. Ne5 $14)
18... Bd3 19. Nd6 $16 {[%csl Gd6][%mdl 2048] Der Pb7 hängt, außerdem droht 20.
Rxe6.} g5 $6 {Dieser Zug schwächt die schwarze Königsstellung, aber guter Rat
ist hier schon teuer.} (19... Rab8 20. Rxe6 fxe6 21. Qxe6+ Kh8 22. Qxd7 $16)
20. Be5 Rab8 (20... Nxe5 21. dxe5 Be7 22. Qxb7 $16) (20... Bxe5 21. dxe5 Nc5
22. Qb4 $18 {[%cal Rb4g4,Rb4c5]}) 21. c4 Bg6 22. Qc3 $6 (22. Bxf6 Nxf6 23. Qe3
$16) 22... c5 $2 {Schwarz hofft im Trüben fischen zu können, doch diese
Fortsetzung ist nur für Weiß von Vorteil - die Diagonale des Bg2-Läufers wird
geöffnet.} (22... Be7 $5 {Nun muss Weiß mit f7-f6 rechnen.} 23. Ne4 (23. b4 $2
f6 24. b5 Qb6 25. a5 Qd8 $13) (23. g4) 23... Nxe5 24. dxe5 $16) 23. Bxf6 Qxd6 (
23... Nxf6 24. dxc5 $18) 24. dxc5 Qxc5 (24... Nxc5 25. Be5 $18 (25. Bxg5 $18))
25. Bd4 {Mit diesem Zug gewinnt Weiß einfach einen Bauern und verschafft sich
eine überlegene Stellung.} Qc7 26. Bxa7 Rbc8 27. Be3 f6 28. a5 Rf7 (28... Qxc4
29. Qxc4 Rxc4 30. Bxb7 $18) 29. b3 {Weiß hat mit Mehrbauern und starkem
Läuferpaar eine gewonnene Stellung. Die Aufgabe von Schwarz kommt keineswegs
zu früh.} 1-0

[Event "Salamanca"]
[Site "Salamanca"]
[Date "1991.??.??"]
[Round "2"]
[White "Vladimirov, Yevgeniy"]
[Black "Rivas Pastor, Manuel"]
[Result "1-0"]
[WhiteElo "2575"]
[BlackElo "2450"]
[Annotator "Ribli,Z"]
[PlyCount "121"]
[EventDate "1991.04.??"]
[EventType "tourn"]
[EventRounds "11"]
[EventCountry "ESP"]
[EventCategory "10"]
[SourceTitle "CBM 023"]
[Source "ChessBase"]
[SourceDate "1991.08.01"]
[SourceVersion "1"]
[SourceVersionDate "1991.08.01"]
[SourceQuality "1"]

1. d4 d6 2. Nf3 Bg4 3. c4 Bxf3 4. gxf3 $5 Nd7 (4... c6 5. Nc3 g6 6. Qc2 Bg7 7.
e3 e6 {Marovic,D-Piasetski,L Toronto 1990 CBM/20}) 5. Nc3 g6 6. b3 Bg7 7. Bb2
Ngf6 8. e3 O-O 9. f4 e5 10. fxe5 dxe5 11. Bg2 exd4 12. Qxd4 $1 c6 13. Qd2 Qa5
14. Ne4 $1 Qxd2+ 15. Nxd2 Rad8 16. Rd1 Nc5 17. Ke2 Rfe8 18. Nb1 Ng4 19. Ba3 Ne6
20. Rxd8 Rxd8 21. Bh3 h5 22. f3 Ne5 23. Bxe6 fxe6 24. Nd2 Bf8 25. Bb2 Nd7 26.
Rg1 $14 Kf7 27. Ne4 Be7 28. Bd4 e5 29. Bc3 Rg8 30. h3 Ke6 31. Ng5+ Bxg5 32.
Rxg5 b5 33. cxb5 cxb5 34. h4 a6 35. Kd2 Kd6 36. Kc2 Ke6 37. Kb2 Kf6 38. f4 $1
Re8 39. Kc2 Kf7 40. fxe5 Nc5 41. Rg2 Nd7 42. Rg5 Nc5 43. Bd4 Ne6 44. Rg1 g5 45.
Kd3 gxh4 46. Rh1 Kg6 47. Rxh4 Kg5 48. Rh1 h4 49. Ke4 b4 50. Rg1+ Kh5 51. Kf5 h3
52. Kf6 Nd8 53. Bc5 a5 54. Be7 Nc6 55. Bd6 Nd8 56. Bc7 Ne6 57. Bb6 Kh4 58. Kf7
Rb8 59. Kxe6 Rxb6+ 60. Kf7 h2 61. Rh1 1-0

[Event "Altensteig"]
[Site "Altensteig"]
[Date "1994.??.??"]
[Round "3"]
[White "Ribli, Zoltan"]
[Black "Bischoff, Klaus"]
[Result "1/2-1/2"]
[WhiteElo "2605"]
[BlackElo "2525"]
[Annotator "Ribli,Z"]
[PlyCount "39"]
[EventDate "1994.08.??"]
[EventType "tourn"]
[EventRounds "11"]
[EventCountry "GER"]
[EventCategory "12"]
[SourceTitle "CBM 043"]
[Source "ChessBase"]
[SourceDate "1994.12.01"]
[SourceVersion "1"]
[SourceVersionDate "1994.12.01"]
[SourceQuality "1"]

1. Nf3 d6 2. g3 g6 3. d4 Bg7 4. Bg2 c5 5. O-O cxd4 6. Nxd4 Qb6 7. Nb3 Qc7 (7...
Nf6 8. c4 (8. Nc3 $5 O-O 9. e4 $14) 8... O-O 9. Nc3 Na6 $14 {Nikolic,Pr-Gulko,
B/Brussels SWIFT 25`/1992/EXP29/}) 8. Nc3 (8. e4 $5) 8... Bxc3 (8... Nf6 9. e4
O-O 10. h3 Nc6 11. Be3 $14) 9. bxc3 Nf6 (9... Qxc3 $2 10. Rb1 $16) 10. Qd4 $1
Be6 11. Bh6 Nbd7 (11... Nc6 12. Qh4 $14) 12. Rfb1 $1 $14 Rg8 (12... a6 13. Nc1
$1 $16) 13. Nc1 $1 Nc5 14. Nd3 Nfd7 15. Be3 Rc8 16. Qh4 b6 17. Qxh7 $2 (17.
Bxc5 $1 Nxc5 18. Qxh7 Kd7 19. Qh4 $16) 17... Nf6 18. Qh4 Ncd7 $1 19. Qa4 $2 (
19. Bd2 $5 $14) 19... Bd5 20. Bd2 1/2-1/2

[Event "Rimavska Sobota"]
[Site "Rimavska Sobota"]
[Date "1991.??.??"]
[Round "11"]
[White "Csom, Istvan"]
[Black "Gross, Stefan"]
[Result "1-0"]
[WhiteElo "2480"]
[BlackElo "2435"]
[Annotator "Ribli,Z"]
[PlyCount "79"]
[EventDate "1991.05.??"]
[EventType "tourn"]
[EventRounds "13"]
[EventCountry "CSR"]
[EventCategory "9"]
[SourceTitle "CBM 024"]
[Source "ChessBase"]
[SourceDate "1991.10.01"]
[SourceVersion "1"]
[SourceVersionDate "1991.10.01"]
[SourceQuality "1"]

1. Nf3 g6 2. d4 Bg7 3. c4 d6 4. g3 Nd7 5. Nc3 e5 6. Bg2 Nh6 7. O-O O-O 8. e4 c6
9. h3 (9. Re1 $5 f6 10. Rb1 a5 11. h3 Nf7 12. Be3 f5 13. Qd2 Nf6 14. exf5 gxf5
15. dxe5 dxe5 16. Qxd8 Rxd8 17. Na4 $14 {Smejkal,J-Stangl,M Altensteig 1990
CBM/20}) 9... f6 (9... f5 $5) 10. Be3 Qe7 11. Re1 Nf7 12. Qc2 Rd8 13. Rad1 $14
Nf8 14. Kh2 f5 15. exf5 gxf5 16. Nh4 e4 17. f3 d5 18. fxe4 fxe4 19. cxd5 cxd5
20. Rf1 Be6 21. Nf5 Qd7 22. Nxg7 Kxg7 23. Qe2 Bf5 24. Rf2 Bg6 25. Rdf1 Nh6 26.
Bxh6+ Kxh6 27. h4 $1 Qe7 28. Rf6 Qb4 29. Qe3+ Kg7 30. h5 $1 Nd7 31. Re6 Nf8 32.
Re5 Nd7 33. Rxd5 Nf6 34. Rxf6 Kxf6 35. Qg5+ Kg7 36. Rxd8 Rxd8 37. Qxd8 Bxh5 38.
Qg5+ Bg6 39. Qe5+ Kh6 40. Nxe4 1-0

[Event "Baden-Baden-B"]
[Site "Baden-Baden"]
[Date "1992.12.12"]
[Round "7"]
[White "Bischoff, Klaus"]
[Black "Hickl, Joerg"]
[Result "0-1"]
[WhiteElo "2510"]
[BlackElo "2540"]
[Annotator "Ribli,Z"]
[PlyCount "52"]
[EventDate "1992.12.??"]
[EventType "tourn"]
[EventRounds "11"]
[EventCountry "GER"]
[EventCategory "11"]
[SourceTitle "CBM 033"]
[Source "ChessBase"]
[SourceDate "1993.04.01"]
[SourceVersion "1"]
[SourceVersionDate "1993.04.01"]
[SourceQuality "1"]

1. d4 d6 2. Nf3 Bg4 3. g3 $6 Bxf3 4. exf3 e6 5. f4 c6 $5 (5... g6 $6 6. d5 exd5
7. Qxd5 Nc6 8. Bb5 Qd7 9. O-O Nge7 10. Re1 Bg7 11. Bxc6 bxc6 12. Qe4 Bf6 13.
Nc3 O-O 14. Qd3 $13 {Bonin,J-Miles,A New York op 1989 CBM/12}) 6. Bg2 (6. Bd3
g6 7. O-O Bg7 8. c3 Ne7 9. Nd2 Nd7 10. Nf3 O-O 11. Be3 Rc8 12. Qd2 Nf5 $13 {
Polgar,Zsu-Torre,E New York op 1989 CBM/12}) 6... g6 7. O-O Bg7 8. a4 Ne7 9.
Nd2 Nd7 10. Nc4 (10. c3 O-O 11. Re1 Qc7 12. Nf3 Rac8 13. Bd2 Rfd8 14. Qc2 c5
15. dxc5 Nxc5 16. Nd4 Nc6 17. Nb5 Qb8 18. Be3 a6 19. Bxc5 dxc5 20. Na3 Na5 21.
Rad1 c4 $15 {Polugaevsky,L-Miles,A Biel-A 1990 CBM/19}) 10... Qc7 11. c3 O-O
12. h4 Rad8 13. Qe2 h5 14. Bh3 Rfe8 15. Re1 Nf6 16. Bd2 Nf5 17. Qd3 b6 18. Bg2
c5 19. dxc5 bxc5 $15 20. b4 Ng4 $1 $36 21. Rac1 d5 22. Na5 Qb6 {>< f2} 23. Rf1
Rc8 24. Rb1 cxb4 25. cxb4 Bd4 26. Be1 Rc3 $1 0-1